[Event "ODEM U25A 2011"]
[Site "Oberhof GER"]
[Date "2011.06.15"]
[Round "6"]
[White "Müller, Max"]
[Black "Celmer, Ole"]
[Result "0-1"]
[Termination "normal"]
[Board "29"]
[WhiteElo "1639"]
[BlackElo "1788"]
[PlyCount "84"]
[WhiteFideId "12900486"]
[BlackFideId "24657107"]
[EventCountry "GER"]
[EventRounds "9"]
[EventType "swiss"]
[EventDate "2011.06.11"]

1. e4 e5 2. Nf3 Nc6 3. Bb5 a6 4. Ba4 Nf6 5. O-O Be7 6. Re1 b5 7. Bb3 O-O 8. c3
d5 9. exd5 Nxd5 10. Nxe5 Nxe5 11. Rxe5 c6 12. d4 Bd6 13. Re1 Qh4 14. g3 Qh3 15.
Qf3 Bg4 16. Qg2 Qh5 17. Be3 Rae8 18. Nd2 Re6 19. Bxd5 cxd5 20. f3 Bh3 21. Qf2
f5 22. f4 Bg4 23. Nf1 Ref6 24. Bd2 h6 25. Ne3 Bf3 26. Nc2 g5 27. Rf1 Be4 28.
Rac1 Rg6 29. Ne1 Re8 30. Ng2 Rge6 31. Rce1 Kh7 32. Bc1 Bc7 33. fxg5 hxg5 34.
Qd2 Rh6 35. Ne3 Bxg3 36. Re2 Bf4 37. Rxf4 gxf4 38. Nd1 Rg6+ 39. Kf1 Qh3+ 40.
Rg2 Bxg2+ 41. Kf2 Qf3+ 42. Kg1 Qf1# 0-1

[Event "ODEM U25A 2011"]
[Site "Oberhof GER"]
[Date "2011.06.15"]
[Round "6"]
[White "Kast, Joannis"]
[Black "Wastian, Jan"]
[Result "1-0"]
[Termination "normal"]
[Board "30"]
[WhiteElo "1745"]
[BlackElo "1524"]
[PlyCount "61"]
[WhiteFideId "24698776"]
[BlackFideId "12911640"]
[EventCountry "GER"]
[EventRounds "9"]
[EventType "swiss"]
[EventDate "2011.06.11"]

1. e4 c6 2. c4 d5 3. exd5 cxd5 4. cxd5 Nf6 5. Nc3 Nxd5 6. Nf3 e6 7. d4 Nc6 8.
Bb5 Qd6 9. O-O Be7 10. Re1 O-O 11. Bd3 Nf6 12. a3 b6 13. Be3 Bb7 14. Qc2 Rfd8
15. Rad1 h6 16. Ne5 Rac8 17. Nxc6 Bxc6 18. Qe2 Nd5 19. Nxd5 Bxd5 20. Qg4 Kh8
21. Qh5 e5 22. dxe5 Qc6 23. Qf5 Qg6 24. Qxg6 fxg6 25. Bxg6 Be6 26. Rxd8+ Rxd8
27. Rc1 Rd5 28. f4 Bd7 29. Kf2 Bd8 30. Bf7 Rd3 31. Bc4 1-0

[Event "ODEM U25A 2011"]
[Site "Oberhof GER"]
[Date "2011.06.15"]
[Round "6"]
[White "Mehling, Franziska"]
[Black "Papusha, Maxim"]
[Result "0-1"]
[Termination "normal"]
[Board "31"]
[WhiteElo "1542"]
[BlackElo "1745"]
[PlyCount "54"]
[WhiteFideId "12900133"]
[BlackFideId "12915246"]
[EventCountry "GER"]
[EventRounds "9"]
[EventType "swiss"]
[EventDate "2011.06.11"]

1. d4 Nf6 2. c4 e6 3. Nc3 Bb4 4. Nf3 b6 5. e3 Bb7 6. Bd3 Ne4 7. Bd2 Bxc3 8.
Bxc3 O-O 9. O-O f5 10. Qc2 d6 11. Nd2 Ng5 12. e4 f4 13. f3 Nd7 14. e5 dxe5 15.
dxe5 Nc5 16. Be2 a5 17. a3 a4 18. Rad1 Qe7 19. Kh1 Rf5 20. Rfe1 Nf7 21. Bd3 Rh5
22. Re2 Qh4 23. Nf1 Rh6 24. Bd4 Nb3 25. Bf2 Qh5 26. Qc3 Ng5 27. Bc2 Nxf3 0-1

[Event "ODEM U25A 2011"]
[Site "Oberhof GER"]
[Date "2011.06.15"]
[Round "6"]
[White "Dohmann, Dorothea"]
[Black "Münch, Marlene"]
[Result "0-1"]
[Termination "normal"]
[Board "32"]
[WhiteElo "1797"]
[BlackElo "1839"]
[PlyCount "42"]
[WhiteFideId "12915459"]
[BlackFideId "24639222"]
[EventCountry "GER"]
[EventRounds "9"]
[EventType "swiss"]
[EventDate "2011.06.11"]

1. e4 e6 2. d4 d5 3. exd5 exd5 4. Nf3 Bd6 5. Bd3 Nc6 6. c3 Bg4 7. Qb3 Bxf3 8.
gxf3 Qe7+ 9. Be3 Qd7 10. Qxd5 Nge7 11. Qg5 g6 12. Bb5 Qh3 13. Nd2 O-O-O 14. c4
Bb4 15. d5 Qxf3 16. O-O Bxd2 17. dxc6 f6 18. cxb7+ Kb8 19. Qc5 Bxe3 20. fxe3
Qg4+ 21. Kf2 Rd2+ 0-1

[Event "ODEM U25A 2011"]
[Site "Oberhof GER"]
[Date "2011.06.15"]
[Round "6"]
[White "Leyrer, Thomas"]
[Black "Wissel, Daniel"]
[Result "0-1"]
[Termination "normal"]
[Board "33"]
[WhiteElo "1609"]
[BlackElo "1724"]
[PlyCount "38"]
[WhiteFideId "12908274"]
[EventCountry "GER"]
[EventRounds "9"]
[EventType "swiss"]
[EventDate "2011.06.11"]

1. d4 Nf6 2. c4 e6 3. Nc3 Bb4 4. Qc2 d5 5. Bg5 O-O 6. Nf3 Nbd7 7. a3 Bxc3+ 8.
Qxc3 h6 9. Bh4 b6 10. cxd5 exd5 11. Qc6 Ba6 12. Bg3 Rc8 13. b4 Bc4 14. b5 Nb8
15. Qb7 Bxb5 16. Qxa7 Nc6 17. Qb7 Ne4 18. a4 Nxg3 19. axb5 Nb4 0-1

[Event "ODEM U25A 2011"]
[Site "Oberhof GER"]
[Date "2011.06.15"]
[Round "6"]
[White "Hübner, Alan-Ari"]
[Black "Brühan, Caren"]
[Result "1-0"]
[Termination "normal"]
[Board "34"]
[WhiteElo "1625"]
[BlackElo "1637"]
[PlyCount "161"]
[WhiteFideId "12903965"]
[BlackFideId "24691976"]
[EventCountry "GER"]
[EventRounds "9"]
[EventType "swiss"]
[EventDate "2011.06.11"]

1. d4 d5 2. c4 e6 3. Nc3 Nf6 4. cxd5 Nxd5 5. e4 Nb6 6. Nf3 Be7 7. Bd3 N8d7 8.
Be3 Nf6 9. a3 Bd7 10. Rc1 Bc6 11. b4 a6 12. Ne5 Bd7 13. Nxd7 Qxd7 14. Bf4 Rc8
15. Ne2 O-O 16. O-O Rfd8 17. Rc3 Nh5 18. Be3 Nf6 19. Qb3 Ng4 20. Bf4 Bd6 21. e5
Be7 22. h3 Nh6 23. Bxh6 gxh6 24. Be4 Kh8 25. Bxb7 Rb8 26. Bxa6 Nd5 27. Rf3 Bg5
28. Qd3 Rg8 29. Qe4 Rg7 30. Bd3 Rbg8 31. Rg3 Qd8 32. f4 Bh4 33. Rxg7 Rxg7 34.
f5 exf5 35. Rxf5 Bg5 36. Bc4 Ne3 37. Rxf7 Nxc4 38. Rxg7 Kxg7 39. Nf4 Qe7 40.
Nh5+ Kh8 41. a4 Be3+ 42. Kh2 Qg5 43. g4 Bf2 44. e6 Nd6 45. e7 Ne8 46. a5 Bh4
47. a6 Qd2+ 48. Qg2 Qxd4 49. Qa2 Qe5+ 50. Kh1 Qe4+ 51. Kg1 Qe3+ 52. Kg2 Qe4+
53. Kh2 Qe5+ 54. Kh1 Qe4+ 55. Qg2 Qe1+ 56. Kh2 Qe3 57. Qb2+ Kg8 58. Qa2+ Kh8
59. Qf7 Qe5+ 60. Nf4 Qb2+ 61. Ng2 Qe5+ 62. Kg1 Qd4+ 63. Kh2 Qe5+ 64. Kg1 Qd4+
65. Kh1 Qd1+ 66. Kh2 Qd6+ 67. Qf4 Bxe7 68. a7 Qa6 69. Qe5+ Nf6 70. Qxe7 Qxa7
71. Qxf6+ Kg8 72. Qe6+ Kg7 73. Qe7+ Kg8 74. Qe6+ Kg7 75. Qe5+ Kg8 76. Qc5 Qb7
77. Nf4 c6 78. Qc4+ Kg7 79. Ne6+ Kg6 80. Qe4+ Kf6 81. Qf5+ 1-0

[Event "ODEM U25A 2011"]
[Site "Oberhof GER"]
[Date "2011.06.15"]
[Round "6"]
[White "Bieg, Pascal"]
[Black "Schreiber, Justina"]
[Result "1-0"]
[Termination "normal"]
[Board "35"]
[WhiteElo "1841"]
[BlackElo "1467"]
[PlyCount "65"]
[WhiteFideId "12915645"]
[BlackFideId "24661570"]
[EventCountry "GER"]
[EventRounds "9"]
[EventType "swiss"]
[EventDate "2011.06.11"]

1. d4 d5 2. c4 c6 3. Nf3 Bf5 4. Nc3 Nf6 5. cxd5 cxd5 6. Qb3 Qb6 7. Nxd5 Qxb3 8.
Nc7+ Kd8 9. axb3 Kxc7 10. Bf4+ Kd8 11. e4 Bxe4 12. Ne5 Bd5 13. Bb5 Nc6 14. O-O
Nxe5 15. dxe5 Nd7 16. e6 fxe6 17. Rac1 a6 18. Be2 e5 19. Be3 e6 20. f4 Bd6 21.
f5 Rf8 22. g4 exf5 23. Rfd1 Bxb3 24. Rxd6 Rf7 25. gxf5 Rxf5 26. Bg4 Rf7 27. Rc3
Ba4 28. Rcd3 Ke8 29. Be6 Rf6 30. Bxd7+ Bxd7 31. Rxd7 Rf3 32. R7d5 Kf8 33. Bc5+
1-0

[Event "ODEM U25A 2011"]
[Site "Oberhof GER"]
[Date "2011.06.15"]
[Round "6"]
[White "Schiefer, Peter"]
[Black "Dietrich, Franz"]
[Result "1-0"]
[Termination "normal"]
[Board "36"]
[WhiteElo "1597"]
[BlackElo "1509"]
[PlyCount "105"]
[WhiteFideId "12913200"]
[BlackFideId "1270312"]
[EventCountry "GER"]
[EventRounds "9"]
[EventType "swiss"]
[EventDate "2011.06.11"]

1. d4 d5 2. Nf3 Nf6 3. c4 c6 4. Nc3 e6 5. e3 Be7 6. Bd3 dxc4 7. Bxc4 Nbd7 8.
O-O O-O 9. Qc2 a6 10. e4 h6 11. b3 b5 12. Be2 c5 13. e5 Nd5 14. Nxd5 exd5 15.
dxc5 Nxc5 16. Nd4 Be6 17. Nc6 Qc7 18. Nxe7+ Qxe7 19. Ba3 Rfc8 20. Rac1 Qg5 21.
Bxc5 Bh3 22. Bf3 Rc7 23. Qb2 Re8 24. Kh1 Be6 25. Bd6 Rcc8 26. g3 Rxc1 27. Rxc1
Ra8 28. Rd1 Rc8 29. Qd2 Qxd2 30. Rxd2 Bh3 31. Rd1 Rc2 32. Bg2 Be6 33. Kg1 Rxa2
34. Bxd5 Bxd5 35. Rxd5 Rb2 36. b4 g5 37. Rc5 Kg7 38. Rc6 Ra2 39. Bc7 Ra4 40.
Ba5 Ra1+ 41. Kg2 Rd1 42. Rxa6 Rd5 43. Bc7 Rd4 44. Bd6 Kh7 45. Ra7 Kg6 46. Rb7
Rd5 47. Rc7 h5 48. Rc5 Rxc5 49. Bxc5 Kf5 50. Bd6 f6 51. exf6 Kxf6 52. Kf3 Kf5
53. h3 1-0

[Event "ODEM U25A 2011"]
[Site "Oberhof GER"]
[Date "2011.06.15"]
[Round "6"]
[White "Allin, Alexander"]
[Black "Zeller, Lukas"]
[Result "1-0"]
[Termination "normal"]
[Board "37"]
[WhiteElo "1492"]
[BlackElo "1662"]
[PlyCount "41"]
[WhiteFideId "12903698"]
[BlackFideId "1271152"]
[EventCountry "GER"]
[EventRounds "9"]
[EventType "swiss"]
[EventDate "2011.06.11"]

1. e4 e5 2. Nf3 Nc6 3. Bc4 Bc5 4. c3 Qe7 5. d3 Nf6 6. Bb3 d6 7. Nbd2 Bg4 8. h3
Bh5 9. Nf1 Rd8 10. Bg5 h6 11. Bh4 O-O 12. g4 Bg6 13. g5 hxg5 14. Bxg5 Na5 15.
Bc2 Bb6 16. Nh4 Bh5 17. Qxh5 g6 18. Qf3 Kg7 19. Rg1 Rd7 20. Nf5+ gxf5 21. Bxf6+
1-0

[Event "ODEM U25A 2011"]
[Site "Oberhof GER"]
[Date "2011.06.15"]
[Round "6"]
[White "Kardoeus, David"]
[Black "Usczeck, Lukas"]
[Result "1-0"]
[Termination "normal"]
[Board "39"]
[WhiteElo "1730"]
[BlackElo "1524"]
[PlyCount "135"]
[WhiteFideId "12912050"]
[BlackFideId "12937827"]
[EventCountry "GER"]
[EventRounds "9"]
[EventType "swiss"]
[EventDate "2011.06.11"]

1. b3 d5 2. Bb2 Bg4 3. Nf3 Bxf3 4. exf3 e6 5. g3 Nf6 6. Bg2 g6 7. f4 Bg7 8. d4
c6 9. Ba3 b5 10. O-O a5 11. Nd2 b4 12. Bb2 O-O 13. Rc1 Nbd7 14. c4 Rc8 15. c5
Qc7 16. Re1 Rfe8 17. Nf3 Ng4 18. Ne5 Nh6 19. Rc2 Nxe5 20. fxe5 Nf5 21. Bh3 Bh6
22. Bxf5 exf5 23. Rce2 Re6 24. Bc1 Bxc1 25. Qxc1 Qb7 26. h4 Qe7 27. Qg5 Re8 28.
Re3 Qxg5 29. hxg5 Kg7 30. g4 fxg4 31. Kg2 Rh8 32. Rg3 h5 33. gxh6+ Rxh6 34.
Rxg4 f5 35. Rg3 Re8 36. Rg1 Re6 37. Kf3 Rh8 38. Ke2 Ra8 39. a3 Rb8 40. Ra1 bxa3
41. Rxa3 Rb5 42. Kd2 Re8 43. Kc2 Rh8 44. b4 Rxb4 45. Rxa5 Rhb8 46. Ra7+ R8b7
47. Rxb7+ Rxb7 48. Kd2 Rb2+ 49. Ke3 Rb4 50. Rg1 f4+ 51. Kd3 Rb3+ 52. Kc2 Rf3
53. Rg2 Kh6 54. Kd2 Kg7 55. Ke2 Rh3 56. Rg4 f3+ 57. Ke3 Kf7 58. Rf4+ Ke6 59.
Rf6+ Kd7 60. Rd6+ Ke7 61. Rxg6 Rh4 62. Rf6 Re4+ 63. Kd3 Kd7 64. Rxf3 Kd8 65.
Rf6 Kd7 66. f4 Ke8 67. f5 Kd7 68. Rd6+ 1-0

[Event "ODEM U25A 2011"]
[Site "Oberhof GER"]
[Date "2011.06.15"]
[Round "6"]
[White "Wissel, Florian"]
[Black "Tarakanova, Valeria"]
[Result "1/2-1/2"]
[Termination "normal"]
[Board "40"]
[WhiteElo "1676"]
[BlackElo "1740"]
[PlyCount "90"]
[BlackFideId "24179205"]
[EventCountry "GER"]
[EventRounds "9"]
[EventType "swiss"]
[EventDate "2011.06.11"]

1. d4 Nf6 2. Nf3 e6 3. c4 Bb4+ 4. Nc3 b6 5. Bg5 Bb7 6. e3 O-O 7. Bd3 c5 8. O-O
Bxc3 9. bxc3 Nc6 10. e4 Ne7 11. d5 h6 12. Bxf6 gxf6 13. Qd2 Kh7 14. e5+ f5 15.
d6 Ng6 16. Qe3 Rg8 17. Rfe1 Bxf3 18. Qxf3 Nh4 19. Qh3 Nxg2 20. Kf1 Nxe1 21.
Rxe1 Qg5 22. Ke2 Qg4+ 23. Qxg4 Rxg4 24. Ke3 Rh4 25. Rh1 Rg8 26. h3 Rg5 27. f3
Rg2 28. Be2 Rxe2+ 29. Kxe2 Rxc4 30. Kd3 Ra4 31. Rh2 b5 32. Rb2 a6 33. Ke3 Ra3
34. Kd2 Kg6 35. Kd3 b4 36. Rc2 Rxc3+ 37. Rxc3 bxc3 38. Kxc3 Kg5 39. Kc4 Kf4 40.
Kxc5 Kxe5 41. h4 f4 42. h5 f6 43. Kb6 Kxd6 44. Kxa6 Kc6 45. Ka7 d5 1/2-1/2